| 000 | 00405nam a2200145Ia 4500 | ||
|---|---|---|---|
| 008 | 231129s2001||||xx |||||||||||||| ||spa|| | ||
| 020 | _a968-444-419-2 | ||
| 040 | _bspa | ||
| 082 | _a005.74 D232i | ||
| 100 | _aDate C.J. | ||
| 245 | 0 | _aIntroducción a los sistemas de bases de datos | |
| 260 | _c2001 | ||
| 264 | _aMéxico : Pearson Educación | ||
| 942 |
_2ddc _cBKS |
||
| 999 |
_c15942 _d15942 |
||